The lost world and other stories

Bibliographic Details
Other Authors: Collins, Joan (illustrated)
Format: Book
Published: Singapore : Federal Pub , 1992
Series:Times Young Classics Series
Subjects:

MARC

LEADER 00000cam a2200000 7i4500
001 0000000518
002 000000603
005 20000330.0
020 |a 9810103476 
090 0 0 |a JF   |b LOS 
245 0 4 |a The lost world and other stories   |c Sir Arthur Conan Doyle ; retold in simple language by Joan Collins 
260 |a Singapore :   |b Federal Pub ,   |c 1992 
300 |a 87p. :   |b ill. ;   |c 19cm. 
490 0 |a Times Young Classics Series 
650 0 0 |a Children's stories 
700 1 |a Collins, Joan ,   |e illustrated 
999 |a 029535   |b BUKU   |c PINJAMAN   |e PERPUSTAKAAN KOMUNITI PETALING JAYA